Online Catalogue and eLibrary

A world of great stories (Record no. 4780)

MARC details
000 -LEADER
fixed length control field 00437nam a2200181Ia 4500
005 - DATE AND TIME OF LATEST TRANSACTION
control field 20240827033149.0
008 - FIXED-LENGTH DATA ELEMENTS--GENERAL INFORMATION
fixed length control field 240331s9999 xx 000 0 und d
082 ## - DDC Classification
Item Number - Author Mark HAY
Class No. 800
100 ## - MAIN ENTRY--PERSONAL NAME
Personal name Haydn,H
245 #2 - TITLE STATEMENT
Title A world of great stories
260 ## - PUBLICATION, DISTRIBUTION, ETC.
Place of publication, distribution, etc. New York
Name of publisher, distributor, etc. Avenel Books
Date of publication, distribution, etc. 1935
300 ## - PHYSICAL DESCRIPTION
Extent (e.g. Volumes, Pages etc.) x, 950 p .,
650 ## - SUBJECT ADDED ENTRY--TOPICAL TERM
Topical term or geographic name entry element Literature
650 ## - SUBJECT ADDED ENTRY--TOPICAL TERM
Topical term or geographic name entry element Stories
700 ## - ADDED ENTRY--PERSONAL NAME
Personal name Haydn, Hiram
Relator term (Role) Editor
700 ## - ADDED ENTRY--PERSONAL NAME
Personal name Cournos, John
Relator term (Role) Editor
942 ## - Koha item type (Biblio)
Koha item type Books in Stacks (Lending)
Holdings
Lost status Damaged status Collection code Home library Current library Shelving location Date acquired Full call number Accession Number Item type
    Lending WERC Library WERC Library Social Science Cupboard 03/31/2024 800 HAY 6553 Books in Stacks (Lending)

© WERC Library